<?xml version="1.0" encoding="UTF-8"?>
<record
    xmlns:xsi="http://www.w3.org/2001/XMLSchema-instance"
    xsi:schemaLocation="http://www.loc.gov/MARC21/slim http://www.loc.gov/standards/marcxml/schema/MARC21slim.xsd"
    xmlns="http://www.loc.gov/MARC21/slim">

  <leader>00731nam a2200157   4500</leader>
  <controlfield tag="005">20150413113726.0</controlfield>
  <controlfield tag="008">150413b        ag||||| |||| 00| 0 spa d</controlfield>
  <datafield tag="050" ind1="0" ind2="4">
    <subfield code="a">GF125</subfield>
    <subfield code="b">S56 1968</subfield>
  </datafield>
  <datafield tag="110" ind1="1" ind2=" ">
    <subfield code="a">Instituto Panamericano de Geograf&#xED;a e Historia. </subfield>
    <subfield code="b">Comisi&#xF3;n de Geografia</subfield>
    <subfield code="d">1966.</subfield>
  </datafield>
  <datafield tag="245" ind1="0" ind2="0">
    <subfield code="a">Simposio de geograf&#xED;a urbana</subfield>
    <subfield code="b">/  Instituto Panamericano de Geograf&#xED;a e Historia, Comision de Geografia</subfield>
  </datafield>
  <datafield tag="260" ind1=" " ind2=" ">
    <subfield code="a">Buenos Aires, Argentina :  </subfield>
    <subfield code="b">Comit&#xE9; de Geograf&#xED;a Urbana de la Comisi&#xF3;n de Geograf&#xED;a,</subfield>
    <subfield code="c">1966.</subfield>
  </datafield>
  <datafield tag="300" ind1=" " ind2=" ">
    <subfield code="a">324 p. :</subfield>
    <subfield code="c">20 cm.</subfield>
  </datafield>
  <datafield tag="650" ind1=" " ind2="7">
    <subfield code="2">LEMB</subfield>
    <subfield code="a">Geograf&#xED;a urbana</subfield>
    <subfield code="v">Congreso</subfield>
    <subfield code="y">1965-1969</subfield>
    <subfield code="z">Am&#xE9;rica</subfield>
  </datafield>
  <datafield tag="710" ind1="1" ind2=" ">
    <subfield code="a">Buenos Aires, Argentina.</subfield>
    <subfield code="b">Instituto Panamericano de Geograf&#xED;a e Historia. </subfield>
    <subfield code="d">1965-1969.</subfield>
  </datafield>
  <datafield tag="942" ind1=" " ind2=" ">
    <subfield code="2">lcc</subfield>
    <subfield code="c">LIB</subfield>
  </datafield>
  <datafield tag="999" ind1=" " ind2=" ">
    <subfield code="c">90671</subfield>
    <subfield code="d">90671</subfield>
  </datafield>
  <datafield tag="952" ind1=" " ind2=" ">
    <subfield code="1">0</subfield>
    <subfield code="2">lcc</subfield>
    <subfield code="4">0</subfield>
    <subfield code="7">0</subfield>
    <subfield code="a">INV-033</subfield>
    <subfield code="b">INV-033</subfield>
    <subfield code="c">GENERAL</subfield>
    <subfield code="d">2015-04-13</subfield>
    <subfield code="f">1a ed.</subfield>
    <subfield code="i">H</subfield>
    <subfield code="k">EH</subfield>
    <subfield code="o">GF125 S56 1968</subfield>
    <subfield code="p">IIH000008998</subfield>
    <subfield code="r">2015-04-13 00:00:00</subfield>
    <subfield code="t">C:1</subfield>
    <subfield code="y">LIB</subfield>
    <subfield code="z">GENERAL</subfield>
  </datafield>
</record>
